Pays dans des Carrés sur une Carte du Monde Vierge - Statistiques

Statistiques générales
  • Ce quiz a été pris 1 168 fois
  • Le résultat moyen est 169 sur 180
Réponses sur la Carte
Les réponses sont colorées sur une échelle allant du rouge au vert en fonction du pourcentage des utilisateurs qui les ont devinées à leur premier essai. Vous pouvez retrouver ces pourcentages ci-dessous.
 
Statistiques - réponses
Box % Correct
Eau
100%
République Dominicaine / Etats-Unis / Grenade / Trinité et Tobago / Antigua et Barbuda / Saint Christophe et Niévès / Saint Vincent et les Grenadines / Barbade / Venezuela / Pays-Bas / France / Sainte-Lucie / Dominique
98%
Australie / France / Vanuatu
97%
Colombie / Venezuela / Brésil / Guyana / France / Trinité et Tobago / Suriname
97%
Espagne / Portugal / Maroc / Mauritanie / Algérie / Tunisie / Mali / Libye
97%
Etats-Unis / Canada
97%
Etats-Unis / Mexique
97%
Norvège / Suède / Finlande / Russie
97%
Norvège / Suède / Finlande / Russie / Estonie / Lettonie / Lituanie / Biélorussie / Ukraine / Pologne / Danemark / Allemagne
97%
Portugal / Espagne / France / Andorre / Monaco / Royaume-Uni / Italie / Suisse / Liechtenstein / Autriche / Allemagne / Belgique / Pays-Bas / Luxembourg
97%
Russie / Chine
97%
Russie / Chine / Japon
97%
Russie / Chine / Mongolie
97%
Russie / Chine / Mongolie / Corée du Sud / Corée du Nord
97%
Russie / Finlande / Biélorussie / Ukraine / Kazakhstan
97%
Russie / Kazakhstan
97%
Russie / Kazakhstan / Kirghizistan / Tadjikistan / Ouzbékistan / Afghanistan / Chine / Mongolie
97%
Russie / Kazakhstan / Turkménistan / Tadjikistan / Ouzbékistan / Iran / Kirghizistan / Afghanistan
97%
Ukraine / Russie / Arménie / Géorgie / Azerbaïdjan / Turquie / Iran
97%
Allemagne / Slovaquie / République Tchèque / Pologne / Ukraine / Moldavie / Roumanie / Bulgarie / Grèce / Turquie / Macédoine du Nord / Italie / Vatican / Saint Marin / Slovénie / Autriche / Hongrie / Croatie / Bosnie Herzégovine / Albanie / Monténégro / Kosovo / Serbie
96%
Argentine / Uruguay / Brésil
96%
Australie
96%
Australie / Indonésie / Papouasie Nouvelle Guinée
96%
Australie / Indonésie / Timor Oriental
96%
Brésil
96%
Brésil / Bolivie / Pérou
96%
Brésil / Paraguay / Argentine / Chili / Bolivie
96%
Canada
96%
Canada / Danemark
96%
Chine / Bhoutan / Bangladesh / Inde / Birmanie
96%
Chine / Taïwan / Corée du Sud / Japon
96%
Costa Rica / Panama / Colombie / Venezuela / Brésil / Pérou / Equateur
96%
Cuba / Bahamas / République Dominicaine / Haïti / Jamaïque / Belize / Guatemala / Honduras / Salvador / Nicaragua / Costa Rica / Colombie / Venezuela / Pays-Bas / Mexique
96%
Equateur / Pérou / Brésil / Colombie / Bolivie
96%
Etats-Unis / Bahamas
96%
Inde / Bangladesh / Birmanie / Thaïlande / Laos / Chine / Vietnam / Cambodge
96%
Irlande / Royaume-Uni / Belgique / Pays-Bas / Allemagne / Danemark / Norvège
96%
Pérou / Bolivie / Chili / Argentine
96%
Russie
96%
Russie / Mongolie
96%
Tadjikistan / Pakistan / Afghanistan / Inde / Chine / Népal / Bangladesh / Bhoutan
96%
Chili / Argentine
95%
Chine / Taïwan / Philippines
95%
Etats-Unis
95%
Iran / Turkménistan / Afghanistan / Pakistan / Tadjikistan / Ouzbékistan / Qatar / Arabie Saoudite / Emirats Arabes Unis / Oman / Inde
95%
Libye / Egypte / Soudan / Tchad / Nigeria / Niger / Cameroun / Algérie
95%
Mexique / Guatemala / Salvador
95%
Tunisie / Italie / Malte / Grèce / Turquie / Egypte / Libye
95%
Afrique du Sud / Lesotho
94%
Algérie / Mali / Mauritanie / Guinée / Burkina Faso / Ghana / Togo / Benin / Nigeria / Niger
94%
Arabie Saoudite / Emirats Arabes Unis / Oman / Yémen / Inde / Pakistan
94%
Cap Vert / Maroc / Mauritanie / Mali / Sénégal / Gambie / Guinée / Guinée-Bissau
94%
Danemark / Islande
94%
Egypte / Soudan / Soudan du Sud / Erythrée / Djibouti / Somalie / Ethiopie / Arabie Saoudite / Yémen
94%
Inde / Sri Lanka / Maldives
94%
Malawi / Mozambique / Madagascar / Zimbabwe / Eswatini / Afrique du Sud
94%
Mexique
94%
Namibie / Angola / Zambie / Zimbabwe / Afrique du Sud / Lesotho / Botswana
94%
Soudan / Soudan du Sud / République Démocratique du Congo / République du Congo / Rwanda / Ouganda / République Centrafricaine / Tchad / Cameroun / Nigeria / Gabon / Guinée Equatoriale / Burundi / Tanzanie
94%
Turquie / Syrie / Chypre / Egypte / Israël / Liban / Jordanie / Arabie Saoudite / Koweït / Irak / Iran / Bahreïn
94%
Ile Maurice / France
93%
Inde / Bangladesh
93%
Islande / Irlande
93%
Japon
93%
Maroc / Mauritanie
92%
République du Congo / République Démocratique du Congo / Burundi / Rwanda / Tanzanie / Angola / Zambie / Zimbabwe / Mozambique / Gabon
92%
Guinée / Liberia / Côte d'Ivoire / Mali / Burkina Faso / Ghana / Togo / Benin / Nigeria / Cameroun / Gabon / São Tomé et Principe / Guinée Equatoriale
91%
Kenya / Tanzanie / Mozambique / Comores / Madagascar / Malawi / Zambie
91%
Danemark
89%
Philippines / Brunei / Malaisie / Indonésie
89%
Soudan / Soudan du Sud / Ethiopie / Kenya / Ouganda / Tanzanie / Somalie
89%
Vietnam / Malaisie / Thaïlande / Singapour / Indonésie
89%
Palaos / Micronésie / Indonésie
87%
Indonésie
85%
Nouvelle Zélande
77%
Micronésie / Nauru / Iles Marshall / Kiribati
76%
Kiribati / Tuvalu / Samoa
73%
Fidji / Tonga
71%
Papouasie Nouvelle Guinée / Iles Salomon / Vanuatu
71%
Guinée / Sierra Leone / Libéria
70%
Kiribati / Iles Marshall
69%
Seychelles
65%
Kiribati
61%
Micronesie
59%
Iles Marshall
57%
Equateur
36%
Aucun quiz correspondant
Distribution des résultats
% des personnes avec chaque résultat
Percentile par nombre de réponses
Votre historique - résultats
Vous n’avez pas pris ce quiz